000
00208 a2200097 4500
001
42058
100
_a
Ahmed, K J
245
_a
Hundred Great Muslims
260
_a
_b
Feroz Sons Ltd
_c
090
_c
26067
_d
26067
942
_a
NUST-CAE
_c
M
_c
17855
999
_c
277131
_d
277131